000 00972nam a22003017a 4500
001 BR0300887
003 BR-BrBNA
005 20230928101229.0
007 ta
008 230509b bl.||||| |||| 00| 0 por d
040 _aBR-BrBNA
_bpor
_cBiblioteca Nacional de Agricultura
041 _a(Por)
072 _aP34; P32
090 _ P34 BR0300887
100 1 _aNóbrega, R.S.A.
110 1 _aUniversidade Federal de Lavras, MG (Brasil)
_0Tese (Mestrado)
245 1 _aCaracterização fenotípica e diversidade de bactérias diazotróficas associativas isoladas de solos em reabilitação após a mineração de bauxita
260 3 _aLavras, MG (Brasil):
_c2002.
300 _a71 p.
500 _aSummaries (Eng, Por); Bibliography p. 51-60; 9 illus.; 7 tables
650 _aSOLO
650 _aROCHA
650 _aBACTÉRIA
650 _aFIXAÇÃO DE NITROGÊNIO
650 _aMICROBIOLOGIA DO SOLO
909 _a202309
_bLucia
_c55
_dLucia Elande
942 _cBK
999 _c64837
_d64837